000 01794nam0a22002651 4500
001 rc\307735
005 20030307121943.9
035 _a(NLR Aleph) 005543096
090 _a5731205
_c5731205
100 _a20030307d1990 u |0rusy50 ca
101 0 _arus
102 _aRU
105 _ay |||||||||
200 1 _aУправление технологическими процессами на шахтах и разрезах угольной промышленности на базе электронизации и комплексной автоматизации
_e[Сб. докл. конф., апр. 1989 г., Срни (ЧСФР)]
_fПод ред. Л.Г. Мелькумова
210 _aМ.
_cЦНИЭИуголь
_d1990
215 _a81, [2] с.
_d26
300 _aВ надзаг.: Совет уполномоч. стран - членов СЭВ по пробл. "Создание и внедрение АСУ в угольной пром-сти", М-во угольной пром-сти СССР, ЦНИИ экономики и НТИ угольной пром-сти
702 1 _aМелькумов
_bЛ. Г.
_gЛев Георгиевич
_4340
712 0 2 _aСЭВ
_bСовет уполномоченных по проблеме "Создание и внедрение АСУ в угольной промышленности"
712 1 2 _aМеждународная науч.-техн. конф. на тему "Управление технол. процессами на шахтах и разрезах угольной промышленности на базе электронизации и комплексной автоматизации"
_f1989
_eСрни
801 0 _aRU
_bNLR
_gpsbo
801 1 _aRU
_bELAR
_2rusmarc
852 _aNLR
_j91-7/171
942 _cBOOK
980 _aNB